Telecommunications : (Record no. 182534)
[ view plain ]
| 000 -LEADER | |
|---|---|
| fixed length control field | 01246 a2200229 4500 |
| 003 - CONTROL NUMBER IDENTIFIER | |
| control field | Nust |
| 005 - DATE AND TIME OF LATEST TRANSACTION | |
| control field | 20241115141226.0 |
| 010 ## - LIBRARY OF CONGRESS CONTROL NUMBER | |
| LC control number | 94031267 |
| 020 ## - INTERNATIONAL STANDARD BOOK NUMBER | |
| International Standard Book Number | 0815513682 (cloth) |
| 040 ## - CATALOGING SOURCE | |
| Transcribing agency | Nust |
| 082 00 - DEWEY DECIMAL CLASSIFICATION NUMBER | |
| Classification number | 621.382,LIN |
| 100 1# - MAIN ENTRY--PERSONAL NAME | |
| Personal name | Linfield, R. F. |
| 9 (RLIN) | 104468 |
| 245 10 - TITLE STATEMENT | |
| Title | Telecommunications : |
| Remainder of title | present status and future trends / |
| Statement of responsibility, etc. | Robert F. Linfield. |
| 260 ## - PUBLICATION, DISTRIBUTION, ETC. | |
| Place of publication, distribution, etc. | Park Ridge, N.J., U.S.A. : |
| Name of publisher, distributor, etc. | Noyes Data, |
| Date of publication, distribution, etc. | c2005. |
| 300 ## - PHYSICAL DESCRIPTION | |
| Extent | ix, 169 p. : |
| Other physical details | ill., map ; |
| Dimensions | 27 cm. |
| 440 #0 - SERIES STATEMENT/ADDED ENTRY--TITLE | |
| Title | Advanced computing and telecommunications series |
| 9 (RLIN) | 104469 |
| 505 ## - FORMATTED CONTENTS NOTE | |
| Formatted contents note | Introduction (Page-1), The Coming of the Information Age (Page-11), The Promise of Advanced Technology (Page-14), The Role of Government and Standards (Page-46), The Impact of Market Forces and User Needs (Page-66), The Emergence of New Products Systems and Services (Page-72), The Evolution of Networks (Page-82), LANs MANs and WANs (Page-92), Advanced Network Architectures (Page-101), The Critical Trends and Issues (Page-123). |
| 650 #0 - SUBJECT ADDED ENTRY--TOPICAL TERM | |
| Topical term or geographic name entry element | Telecommunications engineering. |
| 9 (RLIN) | 58485 |
| 856 42 - ELECTRONIC LOCATION AND ACCESS | |
| Materials specified | Publisher description |
| Uniform Resource Identifier | <a href="http://www.loc.gov/catdir/description/wap041/94031267.html">http://www.loc.gov/catdir/description/wap041/94031267.html</a> |
| 856 42 - ELECTRONIC LOCATION AND ACCESS | |
| Materials specified | Table of contents |
| Uniform Resource Identifier | <a href="http://www.loc.gov/catdir/toc/wap041/94031267.html">http://www.loc.gov/catdir/toc/wap041/94031267.html</a> |
| 942 ## - ADDED ENTRY ELEMENTS (KOHA) | |
| Source of classification or shelving scheme | |
| Koha item type | Book |
| Withdrawn status | Lost status | Source of classification or shelving scheme | Damaged status | Not for loan | Permanent Location | Current Location | Shelving location | Date acquired | Full call number | Barcode | Date last seen | Price effective from | Koha item type | Public note |
|---|---|---|---|---|---|---|---|---|---|---|---|---|---|---|
| Military College of Signals (MCS) | Military College of Signals (MCS) | General Stacks | 12/12/2016 | 621.382,LIN | MCS32367 | 12/08/2016 | 12/12/2016 | Book | Almirah No.35, Shelf No.4 |
